Wyatt Russell Filmography - Statistics

General Stats
  • This quiz has been taken 12 times
    4 since last reset
  • The average score is 3 of 40
Answer Stats
Type Year Name % Correct
Web Mini-Series 2021 The Falcon and the Winter Soldier
100%
Film 2025 Thunderbolts*
100%
Film 2026 Avengers: Doomsday
67%
Film 2021 The Woman in the Window
33%
Web Series 2024 What If...?
33%
Film 2014 22 Jump Street
0%
Documentary Series 2005 60 Minutes
0%
TV Show 2013 Arrested Development
0%
Film 2014 At the Devil's Door
0%
Web Series 2016 Black Mirror
0%
Film 2018 Blaze
0%
Film 2025 Broke
0%
Podcast 2022 Classified
0%
Film 2014 Cold in July
0%
Film 2011 Cowboys & Aliens
0%
Film 1996 Escape from L.A.
0%
Film 2016 Everybody Wants Some!!
0%
Film 2016 Folk Hero & Funny Guy
0%
Film 2017 Goon: Last of the Enforcers
0%
Film 2010 High School
0%
Film 2017 Ingrid Goes West
0%
TV Show 2010 Law & Order: LA
0%
TV Show 2018-2019 Lodge 49
0%
Film 2013 Love and Honor
0%
Documentary Series 2021 Marvel Studios: Assembled
0%
Web Series 2023-Present Monarch: Legacy of Monsters
0%
Film 2024 Night Swim
0%
Film 2018 Overlord
0%
Short Film 2015 Prisoner
0%
Documentary TBA Prop Master - Inside the World of Hollywood Props
0%
Film 2017 Shimmer Lake
0%
Film 1998 Soldier
0%
Film 2017 Table 19
0%
TV Mini-Series 2020 The Good Lord Bird
0%
Short Film 2006 The Last Supper
0%
Web Series 2013 The Walking Dead: Webisodes
0%
Film 2012 This Is 40
0%
TV Mini-Series 2022 Under the Banner of Heaven
0%
Film 2013 We Are What We Are
0%
Film 2025 You're Cordially Invited
0%
No matching quizzes found
Score Distribution
Percent of People with Each Score
Percentile by Number Answered
Your Score History
You have not taken this quiz since the last reset